Tous les blasons de l'Orne - Statistiques

Statistiques générales
  • Ce quiz a été pris 5 fois
  • Le résultat moyen est 64 sur 204
Statistiques - réponses
Par images Réponse % Correct
Alençon
100%
Flers
100%
Argentan
80%
Mortagne-au-Perche
80%
Briouze
60%
Gacé
60%
L'Aigle
60%
La Lande-Patry
60%
La Lande-Saint-Siméon
60%
Trun
60%
Vimoutiers
60%
Almenêches
40%
Appenai-sous-Bellême
40%
Aube
40%
Aubry-en-Exmes
40%
Aubry-le-Panthou
40%
Aubusson
40%
Aunou-le-Faucon
40%
Aunou-sur-Orne
40%
Autheuil
40%
Bazoches-au-Houlme
40%
Bazoches-sur-Hoëne
40%
Beauchêne
40%
Bellême
40%
Bellou-sur-Huisne
40%
Berjou
40%
Bivilliers
40%
Boissy-Maugis
40%
Bonsmoulins
40%
Bresolettes
40%
Bretoncelles
40%
Bubertré
40%
Camembert
40%
Carrouges
40%
Chambois
40%
Champeaux-sur-Sarthe
40%
Condé-sur-Huisne
40%
Condé-sur-Sarthe
40%
Courgeon
40%
Courgeoût
40%
Crulai
40%
Domfront
40%
Écouché
40%
Exmes
40%
Feings
40%
Frênes
40%
Ginai
40%
Guêprei
40%
Hauterive
40%
Igé
40%
Joué-du-Bois
40%
La Ferrière-aux-Étangs
40%
Larchamp
40%
La Rouge
40%
La Selle-la-Forge
40%
Le Gué-de-la-Chaîne
40%
Le Ménil-Bérard
40%
Le Ménil-Broût
40%
Le Ménil-Scelleur
40%
Le Merlerault
40%
Le Pas-Saint-l'Homer
40%
Le Sap
40%
Les Aspres
40%
Le Theil
40%
L'Hermitière
40%
Loré
40%
Mâle
40%
Ménil-Hubert-sur-Orne
40%
Messei
40%
Moulins-la-Marche
40%
Moussonvilliers
40%
Moutiers-au-Perche
40%
Normandel
40%
Pacé
40%
Prépotin
40%
Putanges-Pont-Écrepin
40%
Rai
40%
Randonnai
40%
Rânes
40%
Rémalard
40%
Rouperroux
40%
Saint-André-de-Messei
40%
Saint-Aubin-de-Courteraie
40%
Saint-Aubin-des-Grois
40%
Saint-Clair-de-Halouze
40%
Sainte-Marguerite-de-Carrouges
40%
Saint-Germain-d'Aunay
40%
Saint-Germain-de-la-Coudre
40%
Saint-Germain-de-Martigny
40%
Saint-Germain-des-Grois
40%
Saint-Hilaire-le-Châtel
40%
Saint-Jouin-de-Blavou
40%
Saint-Langis-lès-Mortagne
40%
Saint-Mard-de-Réno
40%
Saint-Martin-d'Écublei
40%
Saint-Martin-du-Vieux-Bellême
40%
Saint-Maurice-lès-Charencey
40%
Saint-Michel-des-Andaines
40%
Saint-Ouen-de-Sécherouvre
40%
Saint-Patrice-du-Désert
40%
Saint-Pierre-la-Rivière
40%
Saint-Quentin-de-Blavou
40%
Sées
40%
Semallé
40%
Tinchebray
40%
Tournai-sur-Dive
40%
Tourouvre
40%
Verrières
40%
Villebadin
40%
Villiers-sous-Mortagne
40%
Yvrandes
40%
Antoigny
20%
Athis-de-l'Orne
20%
Aunay-les-Bois
20%
Avernes-sous-Exmes
20%
Avoine
20%
Bagnoles-de-l'Orne
20%
Banvou
20%
Beaulieu
20%
Bellavilliers
20%
Boucé
20%
Brethel
20%
Caligny
20%
Cerisé
20%
Cerisy-Belle-Étoile
20%
Ceton
20%
Chaumont
20%
Chemilli
20%
Condeau
20%
Corbon
20%
Coulimer
20%
Coulonges-les-Sablons
20%
Courménil
20%
Courtomer
20%
Couvains
20%
Cuissai
20%
Damigny
20%
Durcet
20%
Fel
20%
Fleuré
20%
Goulet
20%
Héloup
20%
Juvigny-sous-Andaine
20%
La Baroche-sous-Lucé
20%
La Chapelle-Biche
20%
La Coulonche
20%
La Ferté-Frênel
20%
La Ferté-Macé
20%
La Madeleine-Bouvet
20%
La Mesnière
20%
La Motte-Fouquet
20%
Le Bourg-Saint-Léonard
20%
Le Châtellier
20%
Le Mêle-sur-Sarthe
20%
Le Pin-la-Garenne
20%
Les Genettes
20%
L'Hôme-Chamondot
20%
Longny-au-Perche
20%
Lonlay-l'Abbaye
20%
Marchainville
20%
Mauves-sur-Huisne
20%
Monceaux-au-Perche
20%
Montgaudry
20%
Mortrée
20%
Moulicent
20%
Neuilly-le-Bisson
20%
Neuilly-sur-Eure
20%
Neuville-sur-Touques
20%
Nocé
20%
Parfondeval
20%
Passais
20%
Pervenchères
20%
Préaux-du-Perche
20%
Réveillon
20%
Ronfeugerai
20%
Saint-Céneri-le-Gérei
20%
Sainte-Céronne-lès-Mortagne
20%
Saint-Evroult-de-Montfort
20%
Saint-Georges-des-Groseillers
20%
Saint-Gervais-des-Sablons
20%
Saint-Pierre-des-Loges
20%
Saint-Pierre-la-Bruyère
20%
Saint-Sulpice-sur-Risle
20%
Saint-Symphorien-des-Bruyères
20%
Saint-Victor-de-Réno
20%
Sevrai
20%
Suré
20%
Survie
20%
Taillebois
20%
Tessé-la-Madeleine
20%
Ticheville
20%
Bailleul
0%
Beaufai
0%
Belfonds
0%
Bellou-en-Houlme
0%
Boitron
0%
Bonnefoi
0%
Bures
0%
Ceaucé
0%
Colonard-Corubert
0%
Couterne
0%
Essay
0%
Origny-le-Roux
0%
Soligny-la-Trappe
0%
Aucun quiz correspondant
Distribution des résultats
% des personnes avec chaque résultat
Percentile par nombre de réponses
Votre historique - résultats
Vous n’avez pas pris ce quiz